000 01239nam a2200301 i 4500
001 bg
100 1 _aWILLIAMSON, Oliver E.
245 1 0 _aEkonomiczne instytucje kapitalizmu :
_bfirmy, rynki, relacje kontraktowe /
_cOliver E. Williamson ; przekł. [z ang.] Jerzy Kropiwnicki ; Fundacja Edukacyjna Przedsiębiorczości.
246 _iTyt. oryg.:
_aThe economic institutions of capitalism : firms, markets, relational contracting
260 _aWarszawa :
_bWydaw. Naukowe PWN,
_c1998.
300 _a441, [2] s. :
_brys., wykr. ;
_c24 cm.
490 1 _aPrzedsiębiorczość
500 _aTyt. oryg.: "The economic institutions of capitalism : firms, markets, relational contracting" 1985.
504 _aBibliogr. s. 411-430. - Indeksy.
650 9 _aPrzedsiębiorstwo
_xekonomika
_xteoria
650 9 _aUmowa
_xhandel
_xteoria
650 9 _aZarządzanie
_xteoria
710 0 _aFundacja Edukacyjna Przedsiębiorczości
830 _aPrzedsiębiorczość
020 _a8301123923
040 _cBPK
041 1 _apl
_hen
080 _a658.1/.5
920 _a83-01-12392-3
942 _cKS
008 s pl f |000 0 pol
999 _c40819
_d40819
856 _uhttp://koha.tu.koszalin.pl/cgi-bin/koha/opac-detail.pl?biblionumber=40819
_yKatalog online BPK